000 00830nam a2200277Ia 4500
008 171025s9999 xx 000 0 und d
020 _a9780143116868
050 _a305.8
050 _bS221 2009
100 _aSandweiss, Martha
245 _aPassing strange :
245 _ba gilded age tale of love and deception across the color line /
245 _cby Martha Sandweiss.
260 _aUSA :
260 _bPenguin Books,
260 _c2009
300 _a370 pages :
300 _billustrations ;
300 _c21cm.
500 _aIncludes index.
650 _aAfrican Americans -- Race identity -- Case studies.
650 _aDeception -- United States -- Case studies.
650 _aMarried people -- United States.
650 _aPassing (Identity) -- United States -- Case studies.
700 _aTitle.
999 _c344636
_d344636